Physics of magnetic flux tubes (Record no. 19074)
[ view plain ]
| 000 -LEADER | |
|---|---|
| fixed length control field | 00603nam a2200205Ia 4500 |
| 003 - CONTROL NUMBER IDENTIFIER | |
| control field | IN-BaIIA |
| 008 - FIXED-LENGTH DATA ELEMENTS--GENERAL INFORMATION | |
| fixed length control field | 211028s9999 xx 000 0 eng d |
| 020 ## - INTERNATIONAL STANDARD BOOK NUMBER | |
| International Standard Book Number | 978-3-662-45242-4 |
| 040 ## - CATALOGING SOURCE | |
| Transcribing agency | IIA Library |
| 080 ## - UNIVERSAL DECIMAL CLASSIFICATION NUMBER | |
| Universal Decimal Classification number | 52(082.1) |
| Item number | ASS-417 |
| 100 ## - MAIN ENTRY--PERSONAL NAME | |
| Personal name | Ryutova, Margarita |
| 9 (RLIN) | 36421 |
| 245 #0 - TITLE STATEMENT | |
| Title | Physics of magnetic flux tubes |
| Statement of responsibility, etc. | Margarita Ryutova |
| 260 ## - PUBLICATION, DISTRIBUTION, ETC. | |
| Place of publication, distribution, etc. | Heidelberg |
| Name of publisher, distributor, etc. | Springer |
| Date of publication, distribution, etc. | 2015 |
| 300 ## - PHYSICAL DESCRIPTION | |
| Extent | xxii, 559p. |
| 490 ## - SERIES STATEMENT | |
| Series statement | Astrophysics and space science library; v. 417 |
| 650 ## - SUBJECT ADDED ENTRY--TOPICAL TERM | |
| Topical term or geographic name entry element | Astrophysics; |
| 9 (RLIN) | 794 |
| 650 ## - SUBJECT ADDED ENTRY--TOPICAL TERM | |
| Topical term or geographic name entry element | Magnetic flux |
| 9 (RLIN) | 17006 |
| 650 ## - SUBJECT ADDED ENTRY--TOPICAL TERM | |
| Topical term or geographic name entry element | Solar magnetic fields |
| 9 (RLIN) | 4454 |
| 942 ## - ADDED ENTRY ELEMENTS (KOHA) | |
| Koha item type | Books |
| Withdrawn status | Lost status | Damaged status | Not for loan | Home library | Current library | Shelving location | Date acquired | Source of acquisition | Cost, normal purchase price | Total Checkouts | Full call number | Barcode | Date last seen | Cost, replacement price | Price effective from | Koha item type | Purchase Price |
|---|---|---|---|---|---|---|---|---|---|---|---|---|---|---|---|---|---|
| IIA Library-Bangalore | IIA Library-Bangalore | General Stacks | 08/07/2015 | ANJ | 4991.36 | 52(082.1)/ ASS-417 | 19996 | 05/11/2021 | 4991.36 | 08/07/2015 | Books | Rs. 4991.36 |